[Event "Israel Championship 2021"]
[Site "Haifa"]
[Date "2021.03.14"]
[Round "8.3"]
[White "Gorodetsky, David"]
[Black "Nabaty, Tamir"]
[Result "0-1"]
[WhiteElo "2495"]
[BlackElo "2638"]
[Annotator "TA"]
[PlyCount "64"]
[EventDate "2021.01.10"]
[EventType "swiss"]
[EventCountry "ISR"]
[SourceTitle "playchess.com"]
[Source "ChessBase"]
[SourceQuality "1"]

{[%evp 9,64,38,45,38,47,63,45,25,51,41,30,9,52,-26,-30,-27,-43,-17,-27,-110,-107,-97,-98,-83,-82,-144,-146,-227,-210,-352,-330,-310,-315,-369,-356,-360,-360,-670,-730,-970,-949,-1028,-1020,-1003,-998,-920,-921,-1350,-1339,-1385,-854,-5117,-4286,-1968,-1954,-1382,-1237]} 1. e4 g6 2. d4 Bg7 3. Nc3 d6 4. Be3 a6 5. g4 b5 6. Bg2 {B06: Modern Defence.} Bb7 7. h4 h6 8. Nge2 {White is slightly better.} Nd7 {[%cal Bb8d7,Bd7c5,Bc5e4][%mdl 32]} 9. Ng3 {[#]} e6 $5 $146 {[%mdl 8] New and interesting.} ({Predecessor:} 9... e5 10. d5 Bf6 11. h5 Bg5 12. hxg6 fxg6 13. Qd2 Bxe3 14. Qxe3 Qf6 15. Nce2 Nb6 {1-0 (44) L'Ami,E (2648)-Rademakers,E (2247) Hilversum 2019}) 10. f4 c5 11. Nce2 (11. Qd2 $1 $14) 11... Ngf6 $11 12. Bf3 cxd4 $1 13. Qxd4 Nc5 14. Rd1 (14. O-O-O $11 {remains equal.}) 14... O-O $17 {aiming for ...Nfxe4.} 15. Qb4 {[#]} Nfxe4 16. Nxe4 Nxe4 17. Bd4 {[#]} (17. Rh3 $142) 17... Rc8 $1 $36 {[%cal Rc8c4][%mdl 2048] Hoping for ...Rc4. Black has strong initiative.} 18. Bxg7 (18. b3 $17 {might work better.} Bxd4 19. Rxd4) 18... Rc4 $19 19. Qxc4 (19. Qa3 $142 Kxg7 20. Qe3 Qa5+ 21. Kf1) 19... bxc4 20. Bxf8 Kxf8 21. Rd4 Qa5+ 22. c3 {[#]} Nxc3 {[%mdl 512]} 23. Nxc3 $2 (23. Bxb7 Nxe2+ 24. Kxe2) 23... Bxf3 {Black is clearly winning.} 24. Rh2 Qb6 25. Rhd2 e5 26. fxe5 dxe5 27. Rd8+ Kg7 {[%cal Rb6g1]} 28. Kf1 Bxg4 29. Ne4 Bf5 30. Nd6 Bd3+ 31. Rxd3 cxd3 32. Ne8+ Kh7 {White did not feel at home in the position after the opening.  Weighted Error Value: White=0.95/Black=0.14} 0-1

[Event "Israel Championship 2021"]
[Site "Haifa"]
[Date "2021.03.14"]
[Round "8.4"]
[White "Kobo, Ori"]
[Black "Sokolovsky, Yahli"]
[Result "1-0"]
[WhiteElo "2460"]
[BlackElo "2472"]
[Annotator "ChessBase"]
[PlyCount "65"]
[EventDate "2021.01.10"]
[EventType "swiss"]
[EventCountry "ISR"]
[SourceTitle "playchess.com"]
[Source "ChessBase"]
[SourceQuality "1"]
[TimeControl "40/5400+30:3600+30"]

1. e4 {[%emt 0:00:00]} e5 {[%emt 0:00:45]} 2. Nf3 {[%emt 0:00:00]} Nc6 {[%emt 0:00:03]} 3. Bb5 {[%emt 0:00:36]} a6 {[%emt 0:00:11]} 4. Ba4 {[%emt 0:00:07]} Nf6 {[%emt 0:00:25]} 5. d3 {[%emt 0:00:51]} d6 {[%emt 0:02:03]} 6. c4 {[%emt 0:02:32]} g6 {[%emt 0:04:20]} 7. Nc3 {[%emt 0:05:41]} Bg7 {[%emt 0:01:04]} 8. Nd5 {[%emt 0:09:48]} h6 {[%emt 0:05:22]} 9. Nb4 {[%emt 0:02:17]} Bd7 {[%emt 0:01:59]} 10. Nxc6 {[%emt 0:00:08]} bxc6 {[%emt 0:02:26]} 11. c5 {[%emt 0:03:35]} O-O {[%emt 0:04:37]} 12. O-O {[%emt 0:12:20]} Re8 {[%emt 0:03:18]} 13. Re1 {[%emt 0:09:49]} d5 {[%emt 0:17:02]} 14. b4 {[%emt 0:01:28]} a5 {[%emt 0:11:11]} 15. a3 {[%emt 0:03:03]} axb4 {[%emt 0:03:45]} 16. axb4 {[%emt 0:00:02]} dxe4 {[%emt 0:15:10]} 17. dxe4 {[%emt 0:00:10]} Nxe4 {[%emt 0:00:05]} 18. Bb2 {[%emt 0:00:12]} f5 {[%emt 0:01:24]} 19. Bb3+ {[%emt 0:00:38]} Be6 {[%emt 0:01:31]} 20. Bxe6+ {[%emt 0:01:51]} Rxe6 {[%emt 0:00:09]} 21. Qb3 {[%emt 0:01:04]} Kf7 {[%emt 0:00:12]} 22. Rxa8 {[%emt 0:05:08]} Qxa8 {[%emt 0:00:06]} 23. Bxe5 {[%emt 0:01:54]} Qc8 {[%emt 0:09:10]} 24. h4 {[%emt 0:07:55]} Qd7 {[%emt 0:07:10]} 25. Rd1 {[%emt 0:06:45]} Qe7 {[%emt 0:01:07]} 26. Rd3 {[%emt 0:05:46]} Qe8 {[%emt 0:06:21]} 27. Bxc7 {[%emt 0:02:48]} g5 {[%emt 0:00:02]} 28. Rd8 {[%emt 0:02:30]} Qe7 {[%emt 0:00:23]} 29. Qd3 {[%emt 0:03:31]} Nf6 {[%emt 0:00:45]} 30. hxg5 {[%emt 0:00:43]} Qxc7 {[%emt 0:01:50]} 31. gxf6 {[%emt 0:00:17]} Kxf6 {[%emt 0:00:01]} 32. Rd7 {[%emt 0:00:56]} Qf4 {[%emt 0:00:39]} 33. Qc3+ {[%emt 0:00:12]} 1-0

[Event "Israel Championship 2021"]
[Site "Haifa"]
[Date "2021.03.14"]
[Round "8.5"]
[White "Birnboim, Nathan"]
[Black "Steinberg, Nitzan"]
[Result "1-0"]
[WhiteElo "2381"]
[BlackElo "2553"]
[Annotator "TA"]
[PlyCount "67"]
[EventDate "2021.01.10"]
[EventType "swiss"]
[EventCountry "ISR"]
[SourceTitle "playchess.com"]
[Source "ChessBase"]
[SourceQuality "1"]

{[%evp 23,67,31,31,30,34,22,27,22,58,22,122,114,131,143,139,136,148,150,312,315,273,213,835,824,1821,1639,2117,2061,29993,29994,29994,29990,29991,29987,29981,5279,29974,29975,29981,29981,29981,29982,29988,29989,29989,29990]} 1. e4 c5 2. Nf3 d6 3. Bb5+ Bd7 4. Bxd7+ Nxd7 5. O-O Ngf6 6. Qe2 e6 7. b3 Be7 8. Bb2 O-O 9. c4 a6 10. Nc3 Qa5 11. d4 cxd4 12. Nxd4 Rac8 13. Kh1 {B52: Sicilian: Moscow Variation with 3...Bd7.} Rfe8 14. f4 Bf8 15. Rad1 {[%cal Ba1d1,Bd1d3,Bd3g3][%mdl 32] White has an edge.} h6 {[#]} 16. Rd3 $146 ({Predecessor:} 16. g4 e5 17. Nf5 exf4 18. Rxf4 b5 19. h4 b4 20. Na4 d5 21. cxd5 Nxd5 22. Nxh6+ gxh6 23. Rf5 Qd8 24. Rdxd5 Qxh4+ 25. Kg2 Rc7 26. Rh5 Qe7 27. g5 {½-½ (27) Ortiz,M (2169)-Kizimenko,N (2307) LSS email 2010}) 16... d5 (16... Qh5 $11) 17. e5 Ne4 18. Nxe4 dxe4 19. Rg3 (19. Qxe4 $2 Nc5 $19) 19... Nc5 (19... Qxa2 $2 20. Ra1 $18) 20. f5 Nd3 $2 (20... Rcd8 $16 {is a better defense.}) 21. f6 $18 (21. fxe6 $6 fxe6 22. Ba1 (22. Qxe4 Nxb2 23. Rg6 Rcd8 $17) 22... Nxe5 $18) 21... g5 22. h4 Nxb2 $2 ({But not} 22... Qxa2 $2 23. Qxe4 Qb1 24. Qxd3 $18 (24. Rxb1 Nf2+ 25. Kg1 Nxe4 $16) (24. Rxg5+ $2 hxg5 25. Rxb1 Nf2+ {[%mdl 64] Double Attack} 26. Kh2 Nxe4 $19)) (22... Nxe5 23. hxg5 Ng6 24. gxh6 (24. Qxe4 h5 $18) 24... Kh7) 23. Qxe4 Nxc4 24. bxc4 Rc5 25. Nf3 {White threatens Nxg5! and mate.} Kh8 26. Nxg5 hxg5 27. Rxg5 Bh6 28. Rh5 Qd2 29. g4 (29. Kh2 $142 Rxc4 30. Qxc4 Rg8 31. Qe2 $3 {[%mdl 512]} Rxg2+ 32. Qxg2 Qxg2+ 33. Kxg2 Kh7 34. Kf3) 29... Kg8 30. g5 {White mates.} Rxe5 31. Qxe5 Qd3 32. Kg1 Bf8 {[#]} 33. g6 $1 Bc5+ 34. Kg2 {Black did not feel at home in the position after the opening.  Weighted Error Value: White=0.04/Black=0.44} ({Worse is} 34. Qxc5 Qg3+ 35. Kh1 Qh3+ {[%mdl 64] Double Attack} 36. Kg1 Qg3+ {[%mdl 64] Double Attack} 37. Kh1 Qh3+ {[%mdl 64] Double Attack} 38. Kg1 Qg3+ $11 {[%mdl 64] Double Attack}) 1-0

[Event "Israel Championship 2021"]
[Site "Haifa"]
[Date "2021.03.14"]
[Round "8.6"]
[White "Smirin, Ilia"]
[Black "Rechlis, Gad"]
[Result "1-0"]
[WhiteElo "2614"]
[BlackElo "2513"]
[Annotator "TA"]
[PlyCount "55"]
[EventDate "2021.01.10"]
[EventType "swiss"]
[EventCountry "ISR"]
[SourceTitle "playchess.com"]
[Source "ChessBase"]
[SourceQuality "1"]

{[%evp 18,55,44,26,37,7,16,27,70,78,61,55,77,77,110,57,73,50,132,132,133,139,132,101,95,93,224,222,751,755,746,762,762,762,755,747,701,700,697,690]} 1. e4 c5 2. Nf3 d6 3. d4 cxd4 4. Nxd4 Nf6 5. Nc3 Nc6 6. Bg5 e6 7. Qd2 a6 8. O-O-O Bd7 9. f3 Be7 10. Kb1 Qc7 {10...Nxd4 is more advanced technology. B67: Sicilian: Richter-Rauzer: 7...a6 8 0-0-0 Bd7, lines without 9 f4 Be7.} 11. g4 Nxd4 12. Qxd4 b5 {White has an edge.} 13. Be3 O-O 14. g5 {[#]} Nh5 $146 ({Predecessor:} 14... Ne8 15. h4 Rb8 16. Ne2 b4 17. Ng3 a5 18. Rc1 Qb7 19. f4 Bc6 20. Rg1 a4 {1-0 (38) Semenova,I (2241)-Kuzmin,E (2033) St Petersburg 2011}) 15. Qd2 $1 Rfd8 16. Bh3 $1 g6 $1 17. Bg4 Ng7 {[#]} ({Black should try} 17... Rac8 $1 $14) 18. h4 $1 $16 b4 19. Ne2 d5 20. e5 ({Don't play} 20. exd5 $6 Bc6 $14) 20... d4 ({Don't blunder} 20... Qxe5 $2 21. Bf4 $18) 21. Nxd4 {Hoping for h5.} Qxe5 {[#] Black cannot hold the game after this.} (21... Nh5 $16 {keeps fighting.}) 22. h5 $1 $18 Qc7 (22... Nf5 23. f4 Qxe3 24. Nxf5 Qxd2 25. Nxe7+ Kf8 26. Nxg6+ (26. Rxd2 Kxe7 27. Rhd1 Bc6 $11) 26... hxg6 27. Rxd2 Bc6 28. Rxd8+ Rxd8) 23. hxg6 {White is clearly winning.} fxg6 24. Bf4 e5 {[#]} 25. Qh2 $1 {[%csl LRe5,LRh7]} exf4 26. Qxh7+ {[%mdl 64] Double Attack} Kf7 {[#]} 27. Ne6 $1 {[%mdl 576] Double Attack, Pin} Qe5 28. Rde1 {Weighted Error Value: White=0.04/Black=0.22} 1-0

[Event "Israel Championship 2021"]
[Site "Haifa"]
[Date "2021.03.14"]
[Round "8.7"]
[White "Postny, Evgeny"]
[Black "Iliaguev, Nisim"]
[Result "1-0"]
[WhiteElo "2605"]
[BlackElo "2332"]
[Annotator "TA"]
[PlyCount "83"]
[EventDate "2021.01.10"]
[EventType "swiss"]
[EventCountry "ISR"]
[SourceTitle "playchess.com"]
[Source "ChessBase"]
[SourceQuality "1"]

{[%evp 13,83,35,26,34,45,30,37,42,29,37,42,20,28,20,25,18,24,11,14,14,56,50,47,54,67,59,96,85,92,26,67,29,29,36,150,138,147,139,316,225,241,250,266,169,224,213,217,224,193,200,210,210,207,172,237,169,163,175,154,166,689,689,831,986,935,921,29983,29983,29982,29983,29998,29999]} 1. d4 Nf6 2. Nf3 e6 3. c4 Bb4+ 4. Bd2 Qe7 5. g3 Nc6 6. Nc3 O-O 7. Bg2 d6 {7...Na5 is not played anymore.} 8. d5 {E11: Bogo-Indian.} exd5 9. Nxd5 Bxd2+ 10. Qxd2 {White is slightly better.} Qd8 {[#]} 11. O-O $146 ({Predecessor:} 11. Qg5 Nxd5 12. Qxd8 Rxd8 13. cxd5 Ne7 14. Nd4 Bd7 15. O-O c5 16. dxc6 bxc6 17. Rac1 {0-1 (59) De Abreu,R (2009)-Serikbay,C (2173) Durban 2014}) 11... Re8 12. Rac1 a5 13. Rfe1 Ne4 14. Qf4 Nc5 15. Rcd1 Be6 16. h4 Bxd5 17. cxd5 Ne5 18. Nd4 Qd7 19. b3 b5 20. Qd2 b4 21. Qc2 (21. f4 $16) 21... a4 22. e4 axb3 23. axb3 Ng6 {[#]} (23... Qg4 $1 $14) 24. h5 $1 $16 {[%cal Rh5g6]} Nf8 25. h6 g6 $2 {Loses the game.} (25... Qg4 $16 {might work better.}) 26. Qd2 Qg4 27. Bf3 Qd7 28. Qf4 f5 (28... f6 $142 29. Qxf6 Qf7 30. Qxf7+ Kxf7) 29. e5 $18 ({Not} 29. exf5 Rxe1+ 30. Rxe1 Nd3 $17) 29... dxe5 30. Rxe5 {And now d6! would win.} Qd6 31. Rxe8 Rxe8 {[#]} 32. Qc1 {Threatens to win with Nb5.} Ne4 33. Bxe4 Rxe4 (33... fxe4 $142 34. Nb5 {[%mdl 64] Double Attack} Qf6) 34. Nb5 $40 {[%mdl 128] White wants a kill.} Qe5 {intending ...f4.} 35. Qxc7 Qxc7 36. Nxc7 {[%mdl 4096] Endgame KRN-KRN} Nd7 $2 (36... Kf7 37. Kf1 g5) 37. Ne6 Re5 38. Ng5 Nf6 39. d6 {White threatens d7 and mate.} Nd7 40. Rc1 {White mates.} Re8 41. Rc7 Nf8 42. Rg7+ {Weighted Error Value: White=0.16/Black=0.61} 1-0

[Event "Israel Championship 2021"]
[Site "Haifa"]
[Date "2021.03.14"]
[Round "8.8"]
[White "Solomon, Asif"]
[Black "Rozen, Eytan"]
[Result "1-0"]
[WhiteElo "2356"]
[BlackElo "2399"]
[Annotator "ChessBase"]
[PlyCount "101"]
[EventDate "2021.01.10"]
[EventType "swiss"]
[EventCountry "ISR"]
[SourceTitle "playchess.com"]
[Source "ChessBase"]
[SourceQuality "1"]
[TimeControl "40/5400+30:3600+30"]

1. d4 {[%emt 0:00:00]} e6 {[%emt 0:00:00]} 2. c4 {[%emt 0:00:05]} c6 {[%emt 0:00:00]} 3. Nf3 {[%emt 0:02:59]} Nf6 {[%emt 0:00:45]} 4. e3 {[%emt 0:04:09]} a6 {[%emt 0:00:34]} 5. Bd3 {[%emt 0:01:20]} d5 {[%emt 0:00:13]} 6. b3 {[%emt 0:01:31]} Nbd7 {[%emt 0:01:29]} 7. O-O {[%emt 0:01:08]} b5 {[%emt 0:00:07]} 8. Nbd2 {[%emt 0:04:38]} Bd6 {[%emt 0:02:37]} 9. Bb2 {[%emt 0:04:22]} Qe7 {[%emt 0:09:27]} 10. Ne5 {[%emt 0:02:42]} Bb7 {[%emt 0:00:06]} 11. c5 {[%emt 0:02:25]} Bxe5 {[%emt 0:01:27]} 12. dxe5 {[%emt 0:00:07]} Ng8 {[%emt 0:00:01]} 13. b4 {[%emt 0:02:31]} a5 {[%emt 0:03:00]} 14. a3 {[%emt 0:01:13]} f6 {[%emt 0:00:14]} 15. f4 {[%emt 0:06:42]} Nh6 {[%emt 0:01:53]} 16. Qc2 {[%emt 0:06:03]} fxe5 {[%emt 0:03:28]} 17. Bxh7 {[%emt 0:11:33]} e4 {[%emt 0:05:31]} 18. Bg6+ {[%emt 0:01:11]} Kd8 {[%emt 0:00:38]} 19. h3 {[%emt 0:03:07]} Nf8 {[%emt 0:15:40]} 20. Bxe4 {[%emt 0:00:54]} dxe4 {[%emt 0:00:33]} 21. Nxe4 {[%emt 0:00:39]} Nf5 {[%emt 0:00:48]} 22. Rad1+ {[%emt 0:04:12]} Ke8 {[%emt 0:00:19]} 23. Rd3 {[%emt 0:04:00]} Rd8 {[%emt 0:02:34]} 24. Rfd1 {[%emt 0:02:43]} Rd5 {[%emt 0:05:02]} 25. Ng5 {[%emt 0:07:44]} Rxd3 {[%emt 0:01:09]} 26. Rxd3 {[%emt 0:00:09]} Nh7 {[%emt 0:00:27]} 27. e4 {[%emt 0:09:42]} Nxg5 {[%emt 0:00:55]} 28. exf5 {[%emt 0:00:12]} Ne4 {[%emt 0:03:26]} 29. fxe6 {[%emt 0:00:26]} Nf6 {[%emt 0:03:21]} 30. Rd6 {[%emt 0:04:42]} Rh6 {[%emt 0:00:48]} 31. f5 {[%emt 0:02:20]} Nd5 {[%emt 0:00:19]} 32. bxa5 {[%emt 0:03:51]} Qg5 {[%emt 0:02:02]} 33. Bc1 {[%emt 0:03:16]} Qg3 {[%emt 0:02:11]} 34. Qf2 {[%emt 0:01:25]} Rxh3 {[%emt 0:02:25]} 35. Qxg3 {[%emt 0:00:20]} Rxg3 {[%emt 0:00:01]} 36. Kh2 {[%emt 0:01:29]} Rg4 {[%emt 0:01:29]} 37. Kh3 {[%emt 0:00:10]} Ra4 {[%emt 0:00:30]} 38. Rd7 {[%emt 0:00:56]} b4 {[%emt 0:01:26]} 39. axb4 {[%emt 0:00:49]} Rxb4 {[%emt 0:00:21]} 40. Bg5 {[%emt 0:00:11]} Rb3+ {[%emt 0:00:25]} 41. g3 {[%emt 1:00:12]} Nf6 {[%emt 1:00:15]} 42. Rxg7 {[%emt 0:00:00]} Rxg3+ {[%emt 0:00:00]} 43. Kxg3 {[%emt 0:00:00]} Nh5+ {[%emt 0:00:00]} 44. Kg4 {[%emt 0:00:00]} Nxg7 {[%emt 0:00:00]} 45. Bh6 {[%emt 0:00:00]} Nh5 {[%emt 0:00:00]} 46. Kxh5 {[%emt 0:00:00]} Ba8 {[%emt 0:00:00]} 47. f6 {[%emt 0:00:00]} Kd8 {[%emt 0:00:00]} 48. f7 {[%emt 0:00:00]} Kc8 {[%emt 0:00:00]} 49. f8=Q+ {[%emt 0:00:00]} Kc7 {[%emt 0:00:00]} 50. Bf4+ {[%emt 0:00:00]} Kb7 {[%emt 0:00:00]} 51. Qb8+ {[%emt 0:00:00]} 1-0

[Event "Israel Championship 2021"]
[Site "Haifa"]
[Date "2021.03.14"]
[Round "8.9"]
[White "Tzidkiya, Yeshaayahu"]
[Black "Kochavi, Ori"]
[Result "0-1"]
[WhiteElo "2380"]
[BlackElo "2273"]
[Annotator "ChessBase"]
[PlyCount "68"]
[EventDate "2021.01.10"]
[EventType "swiss"]
[EventCountry "ISR"]
[SourceTitle "playchess.com"]
[Source "ChessBase"]
[SourceQuality "1"]
[TimeControl "40/5400+30:3600+30"]

1. Nf3 {[%emt 0:00:00]} d5 {[%emt 0:00:05]} 2. g3 {[%emt 0:00:00]} Nf6 {[%emt 0:00:03]} 3. Bg2 {[%emt 0:00:00]} e6 {[%emt 0:00:06]} 4. O-O {[%emt 0:00:05]} c5 {[%emt 0:10:25]} 5. d3 {[%emt 0:00:36]} Nc6 {[%emt 0:02:36]} 6. Na3 {[%emt 0:14:15]} Be7 {[%emt 0:01:46]} 7. Bf4 {[%emt 0:00:05]} O-O {[%emt 0:01:25]} 8. e4 {[%emt 0:08:00]} Qb6 {[%emt 0:10:07]} 9. e5 {[%emt 0:09:14]} Nd7 {[%emt 0:00:26]} 10. Rb1 {[%emt 0:01:10]} Rd8 {[%emt 0:07:35]} 11. c4 {[%emt 0:01:33]} Nf8 {[%emt 0:02:26]} 12. Qe2 {[%emt 0:06:57]} Nd4 {[%emt 0:09:23]} 13. Nxd4 {[%emt 0:00:50]} cxd4 {[%emt 0:00:04]} 14. b4 {[%emt 0:02:20]} a5 {[%emt 0:06:28]} 15. c5 {[%emt 0:06:42]} Qc6 {[%emt 0:01:18]} 16. b5 {[%emt 0:10:04]} Qxc5 {[%emt 0:00:03]} 17. Nc2 {[%emt 0:00:04]} a4 {[%emt 0:06:37]} 18. Bc1 {[%emt 0:08:33]} Qb6 {[%emt 0:04:45]} 19. Bb2 {[%emt 0:02:17]} Bc5 {[%emt 0:01:07]} 20. Ba3 {[%emt 0:07:03]} Bd7 {[%emt 0:02:11]} 21. Bxc5 {[%emt 0:03:29]} Qxc5 {[%emt 0:00:29]} 22. Rfc1 {[%emt 0:00:04]} Rdc8 {[%emt 0:00:09]} 23. Qd2 {[%emt 0:03:19]} Ng6 {[%emt 0:05:01]} 24. f4 {[%emt 0:00:59]} Qb6 {[%emt 0:00:55]} 25. Qb4 {[%emt 0:06:59]} Rc5 {[%emt 0:10:06]} 26. Qxd4 {[%emt 0:01:48]} Qc7 {[%emt 0:00:04]} 27. b6 {[%emt 0:01:28]} Qc6 {[%emt 0:00:04]} 28. Qf2 {[%emt 0:01:03]} Rc8 {[%emt 0:00:07]} 29. Rb2 {[%emt 0:00:44]} a3 {[%emt 0:00:03]} 30. Rb3 {[%emt 0:00:36]} Rxc2 {[%emt 0:00:06]} 31. Rxc2 {[%emt 0:00:02]} Qxc2 {[%emt 0:00:04]} 32. Qxc2 {[%emt 0:00:03]} Rxc2 {[%emt 0:00:05]} 33. Rxa3 {[%emt 0:00:03]} Rb2 {[%emt 0:01:41]} 34. Ra8+ {[%emt 0:00:04]} Nf8 {[%emt 0:00:04]} 0-1

[Event "Israel Championship 2021"]
[Site "Haifa"]
[Date "2021.03.14"]
[Round "8.10"]
[White "Ben Ari, Yannay"]
[Black "Kupervaser, Erez"]
[Result "1/2-1/2"]
[WhiteElo "2403"]
[BlackElo "2371"]
[Annotator "ChessBase"]
[PlyCount "89"]
[EventDate "2021.01.10"]
[EventType "swiss"]
[EventCountry "ISR"]
[SourceTitle "playchess.com"]
[Source "ChessBase"]
[SourceQuality "1"]
[TimeControl "40/5400+30:3600+30"]

1. d4 {[%emt 0:00:10]} Nf6 {[%emt 0:00:00]} 2. Bf4 {[%emt 0:02:50]} e6 {[%emt 0:02:22]} 3. e3 {[%emt 0:00:32]} b6 {[%emt 0:00:23]} 4. Nf3 {[%emt 0:03:54]} Bb7 {[%emt 0:00:14]} 5. Bd3 {[%emt 0:05:03]} Bd6 {[%emt 0:04:30]} 6. Bg3 {[%emt 0:03:10]} Bxg3 {[%emt 0:01:20]} 7. hxg3 {[%emt 0:00:02]} d6 {[%emt 0:01:09]} 8. Nbd2 {[%emt 0:01:48]} Nbd7 {[%emt 0:05:14]} 9. e4 {[%emt 0:02:33]} e5 {[%emt 0:00:54]} 10. c3 {[%emt 0:01:10]} Qe7 {[%emt 0:06:15]} 11. Qe2 {[%emt 0:01:14]} O-O {[%emt 0:03:34]} 12. O-O-O {[%emt 0:09:26]} Rfe8 {[%emt 0:07:44]} 13. Rh4 {[%emt 0:03:40]} Nf8 {[%emt 0:06:52]} 14. Re1 {[%emt 0:16:10]} Ng6 {[%emt 0:00:30]} 15. Rhh1 {[%emt 0:00:30]} a5 {[%emt 0:00:30]} 16. Kb1 {[%emt 0:00:30]} Rad8 {[%emt 0:17:11]} 17. d5 {[%emt 0:15:00]} c6 {[%emt 0:01:24]} 18. c4 {[%emt 0:00:47]} a4 {[%emt 0:38:54]} 19. Rc1 {[%emt 0:05:17]} Nd7 {[%emt 0:00:00]} 20. Nh4 {[%emt 0:10:03]} Nxh4 {[%emt 0:00:00]} 21. Rxh4 {[%emt 0:00:28]} h6 {[%emt 0:00:00]} 22. Nf1 {[%emt 0:03:27]} Nc5 {[%emt 0:00:00]} 23. dxc6 {[%emt 0:01:03]} Bxc6 {[%emt 0:00:00]} 24. Ne3 {[%emt 0:00:07]} Qb7 {[%emt 0:00:00]} 25. Nf5 {[%emt 0:00:58]} Re6 {[%emt 0:00:00]} 26. Ka1 {[%emt 0:03:28]} Rb8 {[%emt 0:00:00]} 27. Rd1 {[%emt 0:02:40]} Qa7 {[%emt 0:00:00]} 28. g4 {[%emt 0:02:23]} b5 {[%emt 0:00:00]} 29. g5 {[%emt 0:02:37]} Nxd3 {[%emt 0:00:00]} 30. Rxd3 {[%emt 0:01:45]} bxc4 {[%emt 0:00:00]} 31. Rg3 {[%emt 0:00:55]} Rb3 {[%emt 0:06:30]} 32. gxh6 {[%emt 0:02:20]} g6 {[%emt 0:00:00]} 33. Qd2 {[%emt 0:00:00]} Kh7 {[%emt 0:00:00]} 34. Kb1 {[%emt 0:00:16]} c3 {[%emt 0:00:00]} 35. Rxc3 {[%emt 0:00:11]} Rxc3 {[%emt 0:00:00]} 36. Qxc3 {[%emt 0:00:37]} Qxf2 {[%emt 0:02:30]} 37. Qxc6 {[%emt 0:00:48]} gxf5 {[%emt 0:00:30]} 38. exf5 {[%emt 0:00:32]} Qxf5+ {[%emt 0:00:00]} 39. Qe4 {[%emt 0:01:06]} Qxe4+ 40. Rxe4 {[%emt 0:00:30]} f5 {[%emt 0:00:00]} 41. Rxa4 {[%emt 0:31:30]} e4 {[%emt 1:02:00]} 42. Kc1 {[%emt 0:02:48]} Rg6 43. Ra5 {[%emt 0:00:08]} Rxg2 44. Rxf5 {[%emt 0:05:34]} e3 45. Rf7+ {[%emt 0:22:30]} 1/2-1/2

[Event "Israel Championship 2021"]
[Site "Haifa"]
[Date "2021.03.14"]
[Round "8.11"]
[White "Aizenberg, Benny"]
[Black "Dvoirys, Semen I."]
[Result "0-1"]
[WhiteElo "2307"]
[BlackElo "2483"]
[Annotator "ChessBase"]
[PlyCount "90"]
[EventDate "2021.01.10"]
[EventType "swiss"]
[EventCountry "ISR"]
[SourceTitle "playchess.com"]
[Source "ChessBase"]
[SourceQuality "1"]
[TimeControl "40/5400+30:3600+30"]

1. e4 {[%emt 0:00:00]} c5 {[%emt 0:00:00]} 2. Nf3 {[%emt 0:00:00]} d6 {[%emt 0:00:31]} 3. d4 {[%emt 0:00:00]} cxd4 {[%emt 0:00:07]} 4. Nxd4 {[%emt 0:00:00]} Nf6 {[%emt 0:00:07]} 5. Nc3 {[%emt 0:00:00]} a6 {[%emt 0:00:06]} 6. Bg5 {[%emt 0:00:00]} e6 {[%emt 0:00:08]} 7. f4 {[%emt 0:00:00]} Qb6 {[%emt 0:00:44]} 8. Qd2 {[%emt 0:00:00]} Qxb2 {[%emt 0:00:06]} 9. Rb1 {[%emt 0:00:00]} Qa3 {[%emt 0:00:07]} 10. f5 {[%emt 0:00:00]} Nc6 {[%emt 0:00:06]} 11. fxe6 {[%emt 0:00:00]} fxe6 {[%emt 0:00:06]} 12. Nxc6 {[%emt 0:00:00]} bxc6 {[%emt 0:00:08]} 13. Be2 {[%emt 0:00:02]} Qa5 {[%emt 0:08:43]} 14. O-O {[%emt 0:14:46]} Be7 {[%emt 0:00:59]} 15. Kh1 {[%emt 0:10:35]} Qd8 {[%emt 0:06:49]} 16. Bxf6 {[%emt 0:11:56]} Bxf6 {[%emt 0:00:30]} 17. Bh5+ {[%emt 0:07:33]} g6 {[%emt 0:09:22]} 18. Qh6 {[%emt 0:12:45]} Qe7 {[%emt 0:14:46]} 19. Bxg6+ {[%emt 0:04:31]} Kd8 {[%emt 0:02:44]} 20. Qd2 {[%emt 0:15:10]} hxg6 {[%emt 0:00:56]} 21. Rxf6 {[%emt 0:01:07]} Qxf6 {[%emt 0:00:04]} 22. Qxd6+ {[%emt 0:00:06]} Bd7 {[%emt 0:06:38]} 23. Rd1 {[%emt 0:06:16]} Qe7 {[%emt 0:02:36]} 24. Qe5 {[%emt 0:00:28]} Rh5 {[%emt 0:00:44]} 25. Qg3 {[%emt 0:00:01]} Ra5 {[%emt 0:07:06]} 26. Qe1 {[%emt 0:01:56]} Ra3 {[%emt 0:02:26]} 27. Nb1 {[%emt 0:02:40]} Rxa2 {[%emt 0:01:27]} 28. Qc3 {[%emt 0:00:09]} Rb8 {[%emt 0:01:25]} 29. Nd2 {[%emt 0:02:48]} Ra4 {[%emt 0:07:08]} 30. Nb3 {[%emt 0:02:58]} Rxb3 {[%emt 0:03:11]} 31. Qxb3 {[%emt 0:00:07]} Rb4 {[%emt 0:00:19]} 32. Qd3 {[%emt 0:00:57]} Rb6 {[%emt 0:04:37]} 33. e5 {[%emt 0:02:02]} g5 {[%emt 0:00:11]} 34. Qg6 {[%emt 0:02:22]} Kc7 {[%emt 0:00:33]} 35. h3 {[%emt 0:00:42]} Rb5 {[%emt 0:00:28]} 36. Qd3 {[%emt 0:00:59]} Rd5 {[%emt 0:00:30]} 37. Qe2 {[%emt 0:00:01]} Rxd1+ {[%emt 0:00:27]} 38. Qxd1 {[%emt 0:00:02]} Qc5 {[%emt 0:00:08]} 39. Qe2 {[%emt 0:00:30]} a5 {[%emt 0:00:10]} 40. Qe4 {[%emt 0:00:50]} Qd5 {[%emt 0:00:36]} 41. Qe3 {[%emt 1:00:09]} c5 {[%emt 1:01:33]} 42. Qxg5 {[%emt 0:00:36]} a4 {[%emt 0:00:12]} 43. c4 {[%emt 0:01:02]} Qxc4 {[%emt 0:00:20]} 44. Qd2 {[%emt 0:00:19]} Qd5 {[%emt 0:00:27]} 45. Qb2 {[%emt 0:01:06]} Bc6 {[%emt 0:00:09]} 0-1